[Event "PER-ch U18"]
[Site "Lima"]
[Date "2016.02.05"]
[Round "5.3"]
[White "Paredes Lagos, Anthony Javier"]
[Black "Sanchez Millones, Jonathan Estev"]
[Result "0-1"]
[WhiteElo "1994"]
[BlackElo "2246"]
[PlyCount "116"]
[EventDate "2016.02.02"]
[EventType "swiss"]
[EventRounds "9"]
[EventCountry "PER"]
[SourceTitle "EXT 2024"]
[Source "ChessBase"]
[SourceDate "2023.10.10"]
[SourceVersion "1"]
[SourceVersionDate "2023.10.10"]
[SourceQuality "1"]

1. e4 e6 2. d4 d5 3. Nd2 Nf6 4. e5 Nfd7 5. Bd3 c5 6. c3 Nc6 7. Ne2 f6 8. exf6 Nxf6 9. 0-0 Bd6 10. Nf3 Qc7 11. Bg5 0-0 12. Bh4 Bd7 13. Bg3 Rae8 14. Qd2 e5 15. dxe5 Nxe5 16. Nxe5 Bxe5 17. Rae1 Bc6 18. Qg5 Rf7 19. Rd1 Bd6 20. c4 d4 21. Qh4 Rfe7 22. Bxd6 Qxd6 23. Ng3 Re5 24. f4 R5e6 25. Nf5 Qf8 26. Ng3 Qf7 27. b4 b6 28. bxc5 bxc5 29. Qg5 Qf8 30. Qf5 Ne4 31. Qxf8+ Kxf8 32. f5 Re5 33. Nxe4 Bxe4 34. f6 g6 35. Bxe4 Rxe4 36. Rb1 d3 37. Rfd1 Rd8 38. Rb7 Rd6 39. Rxa7 d2 40. Kf2 Rxf6+ 41. Kg3 Rd6 42. Rb7 Rxc4 43. Kf3 Rc2 44. Ke3 c4 45. a4 c3 46. Rbb1 Ra2 47. Rb8+ Kg7 48. Rc8 c2 49. Rxd2 c1Q 50. Rxc1 Rdxd2 51. g3 Rxh2 52. Rc4 Rh1 53. Kf4 Rha1 54. Rc5 Rxa4+ 55. Kf3 R1a3+ 56. Kg2 Rg4 57. Kh2 Rgxg3 58. Rc2 Rab3 0-1

[Event "PER-ch U18"]
[Site "Lima"]
[Date "2016.02.03"]
[Round "3.1"]
[White "Cori Quispe, Kevin Joel"]
[Black "Sanchez Millones, Jonathan Estev"]
[Result "1-0"]
[WhiteElo "2349"]
[BlackElo "2246"]
[PlyCount "162"]
[EventDate "2016.02.02"]
[EventType "swiss"]
[EventRounds "9"]
[EventCountry "PER"]
[SourceTitle "EXT 2024"]
[Source "ChessBase"]
[SourceDate "2023.10.10"]
[SourceVersion "1"]
[SourceVersionDate "2023.10.10"]
[SourceQuality "1"]

1. e4 e6 2. d4 d5 3. Nc3 Nf6 4. e5 Nfd7 5. f4 c5 6. Nf3 Nc6 7. Be3 Be7 8. Qd2 0-0 9. dxc5 Nxc5 10. 0-0-0 a6 11. Qf2 b6 12. h4 Qc7 13. Kb1 Bb7 14. h5 f6 15. Qg3 Rac8 16. h6 g6 17. Bd3 Nxd3 18. cxd3 fxe5 19. Nxe5 Nxe5 20. fxe5 Rf5 21. Bd4 b5 22. a3 Rcf8 23. Ne2 Qd7 24. Rc1 Rg5 25. Qh3 Rh5 26. Qg3 Rg5 27. Qh3 Rh5 28. Qe3 Bg5 29. Qg3 Bxc1 30. Rxh5 Bd2 31. Rh1 a5 32. Be3 Bxe3 33. Qxe3 b4 34. axb4 axb4 35. Qb6 d4 36. Rc1 Bd5 37. Rc7 Qa4 38. Nc1 Ra8 39. Rg7+ Kh8 40. Qc7 Ba2+ 41. Nxa2 Qxa2+ 42. Kc2 b3+ 43. Kd1 Qb1+ 44. Ke2 Qxb2+ 45. Kf3 Rf8+ 46. Rf7 Kg8 47. Rxf8+ Kxf8 48. Qxh7 Qc1 49. Qg7+ Ke8 50. Qxg6+ Kd7 51. Qf7+ Kd8 52. Qf8+ Kc7 53. Qe7+ Kb8 54. h7 Qd1+ 55. Kg3 Qe1+ 56. Kg4 Qe2+ 57. Kh4 Qe1+ 58. g3 Qh1+ 59. Kg5 b2 60. Qb4+ Kc7 61. Qa5+ Kb7 62. Qb5+ Kc7 63. Qc5+ Kb7 64. Qe7+ Kb8 65. Qd8+ Kb7 66. h8Q Qxh8 67. Qxh8 b1Q 68. Qh7+ Kb6 69. Kf6 Qg1 70. Qg6 Kc5 71. g4 Qg2 72. Kxe6 Kb4 73. Kd6 Qg3 74. Kd5 Kc3 75. Qc6+ Kxd3 76. Qc4+ Kd2 77. Qxd4+ Kc2 78. e6 Qh4 79. e7 Qg5+ 80. Qe5 Qg8+ 81. Qe6 Qa8+ 1-0

[Event "Antofagasta Zicosur op 2nd"]
[Site "Antofagasta"]
[Date "2016.01.10"]
[Round "9"]
[White "Duarte, Leonardo"]
[Black "Sanchez Millones, Jonathan Estev"]
[Result "1-0"]
[WhiteElo "2338"]
[BlackElo "2219"]
[PlyCount "85"]
[EventDate "2016.01.05"]
[EventType "swiss"]
[EventRounds "9"]
[EventCountry "CHI"]
[SourceTitle "CBM 170 Extra"]
[Source "ChessBase"]
[SourceDate "2016.02.25"]
[SourceVersion "1"]
[SourceVersionDate "2016.02.25"]
[SourceQuality "1"]

1. e4 e6 2. d4 d5 3. Nd2 Nf6 4. e5 Nfd7 5. Bd3 c5 6. c3 Nc6 7. Ne2 cxd4 8. cxd4 f6 9. exf6 Nxf6 10. Nf3 Bd6 11. 0-0 Qc7 12. h3 0-0 13. Be3 Bd7 14. Re1 Rae8 15. Rc1 Qb8 16. Nc3 a6 17. Na4 Kh8 18. Nc5 Bxc5 19. Rxc5 e5 20. dxe5 Nxe5 21. Nxe5 Qxe5 22. Qb3 Bc6 23. Qb4 Qd6 24. Qd4 Re7 25. Rcc1 Rfe8 26. Red1 Ne4 27. f3 Nf6 28. Bf2 Re6 29. Qh4 Bb5 30. Bb1 Re5 31. Bg3 Qb6+ 32. Kh2 R5e7 33. Re1 Be2 34. Bf2 Qd6+ 35. Kh1 h6 36. Bc5 Qd7 37. Bxe7 Rxe7 38. Qf4 d4 39. Bf5 g5 40. Qb8+ Re8 41. Bxd7 Rxb8 42. Rxe2 Nxd7 43. Rd1 1-0

[Event "South America-ch U18 12th"]
[Site "Santa Cruz"]
[Date "2015.12.05"]
[Round "6"]
[White "Sanchez Millones, Jonathan Estev"]
[Black "Vergara Jofre, Felipe Andres"]
[Result "1-0"]
[WhiteElo "1948"]
[BlackElo "2136"]
[PlyCount "43"]
[EventDate "2015.12.02"]
[EventType "swiss"]
[EventRounds "9"]
[EventCountry "BOL"]
[SourceTitle "CBM 170 Extra"]
[Source "ChessBase"]
[SourceDate "2016.02.25"]
[SourceVersion "1"]
[SourceVersionDate "2016.02.25"]
[SourceQuality "1"]

1. e4 d5 2. exd5 Nf6 3. d4 Nxd5 4. Nf3 Bg4 5. c4 Nf6 6. Nc3 Nbd7 7. h3 Bxf3 8. Qxf3 c6 9. Be3 e6 10. Bd3 Be7 11. g4 Nb6 12. 0-0-0 Nfd7 13. Kb1 0-0 14. g5 Bxg5 15. Qh5 h6 16. Rhg1 Nf6 17. Qf3 Bxe3 18. Qxe3 Ne8 19. Qxh6 f6 20. Qh7+ Kf7 21. Rxg7+ Nxg7 22. Bg6+ 1-0

[Event "South America-ch U18 12th"]
[Site "Santa Cruz"]
[Date "2015.12.03"]
[Round "3"]
[White "Sica, Mauro"]
[Black "Sanchez Millones, Jonathan Estev"]
[Result "0-1"]
[WhiteElo "2170"]
[BlackElo "1948"]
[PlyCount "78"]
[EventDate "2015.12.02"]
[EventType "swiss"]
[EventRounds "9"]
[EventCountry "BOL"]
[SourceTitle "CBM 170 Extra"]
[Source "ChessBase"]
[SourceDate "2016.02.25"]
[SourceVersion "1"]
[SourceVersionDate "2016.02.25"]
[SourceQuality "1"]

1. d4 Nf6 2. c4 g6 3. Nc3 Bg7 4. e4 d6 5. h3 0-0 6. Nf3 e5 7. d5 a5 8. g4 Na6 9. Bg5 Qe8 10. Nd2 Kh8 11. Be2 Ng8 12. h4 h6 13. Be3 f5 14. gxf5 gxf5 15. Bh5 Qd7 16. exf5 Qxf5 17. Nde4 Nf6 18. Ng3 Qh7 19. Qb1 Qxb1+ 20. Rxb1 Nxh5 21. Nxh5 Bf5 22. Ra1 Nb4 23. Kd2 Rf7 24. Nxg7 Kxg7 25. Ne2 Kh7 26. Ng3 e4 27. Nxf5 Rxf5 28. Rhg1 Rg8 29. Rxg8 Kxg8 30. Rg1+ Kf7 31. Ke2 c6 32. Bxh6 cxd5 33. cxd5 Nd3 34. Rg7+ Kf6 35. Rxb7 Rxf2+ 36. Ke3 Rh2 37. Bg7+ Kf5 38. Bc3 Rh3+ 39. Kd4 Ne5 0-1

[Event "Pan American-ch U16"]
[Site "Cali"]
[Date "2015.07.01"]
[Round "5"]
[White "Aguilar, Luis Miguel"]
[Black "Sanchez Millones, Jonathan Estev"]
[Result "1/2-1/2"]
[WhiteElo "2051"]
[BlackElo "1950"]
[PlyCount "29"]
[EventDate "2015.06.28"]
[EventType "swiss"]
[EventRounds "9"]
[EventCountry "COL"]
[SourceTitle "EXT 2016"]
[Source "ChessBase"]
[SourceDate "2015.10.08"]
[SourceVersion "1"]
[SourceVersionDate "2015.10.08"]
[SourceQuality "1"]

1. c4 Nf6 2. g3 g6 3. b4 Bg7 4. Bb2 0-0 5. Nf3 d6 6. Bg2 e5 7. d4 e4 8. Nfd2 Re8 9. e3 Bf5 10. 0-0 h5 11. Nc3 Nbd7 12. Qc2 c6 13. d5 Qe7 14. dxc6 bxc6 15. Ne2 1/2-1/2

[Event "South America-ch U16 11th"]
[Site "Montevideo"]
[Date "2014.09.13"]
[Round "8"]
[White "Castillo Rivera, Carlos Alberto"]
[Black "Sanchez Millones, Jonathan Estev"]
[Result "0-1"]
[WhiteElo "1860"]
[BlackElo "1982"]
[PlyCount "116"]
[EventDate "2014.09.08"]
[EventType "swiss"]
[EventRounds "9"]
[EventCountry "URU"]
[SourceTitle "EXT 2016"]
[Source "ChessBase"]
[SourceDate "2015.10.08"]
[SourceVersion "1"]
[SourceVersionDate "2015.10.08"]
[SourceQuality "1"]

1. e4 e6 2. d4 d5 3. Nd2 Nf6 4. e5 Nfd7 5. Bd3 c5 6. c3 Nc6 7. Ne2 cxd4 8. cxd4 f6 9. exf6 Nxf6 10. 0-0 Bd6 11. Nf3 Qc7 12. Bg5 0-0 13. Bh4 Nh5 14. Nc3 a6 15. Rc1 g6 16. Na4 Qg7 17. Nb6 Rb8 18. Bxa6 Nxd4 19. Nxd4 bxa6 20. Nxc8 Rfxc8 21. Qg4 Rxc1 22. Qxe6+ Qf7 23. Rxc1 Qxe6 24. Nxe6 Rxb2 25. a4 h6 26. Bg3 Nxg3 27. hxg3 Kf7 28. Nf4 Ra2 29. Nxd5 Rxa4 30. Kh2 Ra5 31. Ne3 Rc5 32. Ra1 a5 33. Kg1 Be5 34. Rd1 Ke7 35. Rb1 Kd7 36. Rb6 Rc6 37. Rb5 Bc7 38. Rb1 a4 39. Ra1 Ra6 40. Ra2 Bd6 41. Kf1 Kc6 42. Ke2 Bb4 43. Kd3 Kb5 44. Kc2 Rd6 45. Kc1 Bc3 46. Nd1 Bg7 47. Ne3 Rd4 48. Kb1 Rb4+ 49. Kc2 Rb3 50. Nd1 h5 51. Ne3 Bd4 52. Nd1 Kb4 53. Kd2 a3 54. Kc2 Kc4 55. Kc1 Rd3 56. Kc2 g5 57. f3 Bc5 58. Kc1 Kb3 0-1

[Event "South America-ch U16 11th"]
[Site "Montevideo"]
[Date "2014.09.09"]
[Round "3"]
[White "Sanchez Millones, Jonathan Estev"]
[Black "Estrada Lavin, Cristian Alexan"]
[Result "1-0"]
[WhiteElo "1982"]
[BlackElo "1836"]
[PlyCount "70"]
[EventDate "2014.09.08"]
[EventType "swiss"]
[EventRounds "9"]
[EventCountry "URU"]
[SourceTitle "EXT 2016"]
[Source "ChessBase"]
[SourceDate "2015.10.08"]
[SourceVersion "1"]
[SourceVersionDate "2015.10.08"]
[SourceQuality "1"]

1. e4 c5 2. c4 Nc6 3. Nf3 e6 4. Nc3 a6 5. d4 cxd4 6. Nxd4 Qc7 7. Nxc6 bxc6 8. Be3 Nf6 9. Bd3 c5 10. 0-0 Be7 11. Qd2 Bb7 12. f3 0-0 13. Qf2 Rac8 14. Qg3 Qxg3 15. hxg3 d6 16. Rfd1 Rfd8 17. a3 a5 18. Bd2 Rd7 19. a4 Ne8 20. Nb5 Ra8 21. Bc3 e5 22. Rd2 Nc7 23. Be2 f6 24. f4 Bc6 25. Rad1 exf4 26. gxf4 Ne8 27. g3 Rad8 28. e5 fxe5 29. fxe5 dxe5 30. Bxa5 Rxd2 31. Bxd2 Nd6 32. Bc3 Nf7 33. b3 g6 34. Nc7 Rd7 35. Nd5 Bg5 1-0

[Event "Lima Santisimo Nombre de Jesus 4"]
[Site "Lima"]
[Date "2014.08.06"]
[Round "5"]
[White "Gamarra, Eduardo"]
[Black "Sanchez Millones, Jonathan Estev"]
[Result "0-1"]
[WhiteElo "1944"]
[BlackElo "1912"]
[PlyCount "82"]
[EventDate "2014.08.04"]
[EventType "swiss"]
[EventRounds "8"]
[EventCountry "PER"]
[SourceTitle "EXT 2024"]
[Source "ChessBase"]
[SourceDate "2023.10.10"]
[SourceVersion "1"]
[SourceVersionDate "2023.10.10"]
[SourceQuality "1"]

1. e4 e6 2. d3 d5 3. Nd2 Nf6 4. Ngf3 c5 5. Qe2 Be7 6. g3 0-0 7. Bg2 Nc6 8. e5 Nd7 9. 0-0 b5 10. c3 a5 11. Re1 Ba6 12. Nf1 a4 13. h4 b4 14. c4 Nb6 15. b3 Qc7 16. N1h2 Rad8 17. Bf4 dxc4 18. dxc4 Nd4 19. Nxd4 Rxd4 20. Qh5 Bb7 21. Ng4 Bxg2 22. Nf6+ Bxf6 23. exf6 Rxf4 24. gxf4 Qxf4 25. Kxg2 Qxf6 26. Qxc5 Nd7 27. Qc7 Qg6+ 28. Kf1 Qd3+ 29. Kg2 Nf6 30. Rad1 Qg6+ 31. Kf1 Ng4 32. Qg3 h5 33. Rd7 axb3 34. axb3 Qc2 35. Qf4 Qxb3 36. f3 Nf6 37. Rb7 Kh7 38. Kf2 Qc3 39. Re2 b3 40. Qe3 Qxc4 41. Qxb3 Qxh4+ 0-1

[Event "Lima Santisimo Nombre de Jesus 4"]
[Site "Lima"]
[Date "2014.08.04"]
[Round "2"]
[White "Arroyo Valenzuela, Luigi"]
[Black "Sanchez Millones, Jonathan Estev"]
[Result "0-1"]
[WhiteElo "1568"]
[BlackElo "1912"]
[PlyCount "52"]
[EventDate "2014.08.04"]
[EventType "swiss"]
[EventRounds "8"]
[EventCountry "PER"]
[SourceTitle "EXT 2024"]
[Source "ChessBase"]
[SourceDate "2023.10.10"]
[SourceVersion "1"]
[SourceVersionDate "2023.10.10"]
[SourceQuality "1"]

1. e4 e6 2. d4 d5 3. e5 c5 4. c3 Nc6 5. f4 Nh6 6. Nf3 Nf5 7. g4 Nh4 8. Be3 Nxf3+ 9. Qxf3 Qa5 10. Nd2 Qb6 11. 0-0-0 cxd4 12. Bxd4 Nxd4 13. cxd4 Bd7 14. Nb3 a5 15. Qf2 a4 16. Na1 Be7 17. Nc2 a3 18. b3 Rc8 19. Kb1 0-0 20. f5 Rc3 21. Rd3 Rfc8 22. Rxc3 Rxc3 23. Na1 Bg5 24. Bg2 Be3 25. Qh4 Qc7 26. Qe1 Bb5 0-1

[Event "Pan American-ch U16"]
[Site "Oaxtepec"]
[Date "2014.07.14"]
[Round "5"]
[White "Sanchez Millones, Jonathan Estev"]
[Black "Aguilar, Luis Miguel"]
[Result "0-1"]
[WhiteElo "1887"]
[BlackElo "2001"]
[PlyCount "98"]
[EventDate "2014.07.11"]
[EventType "swiss"]
[EventRounds "9"]
[EventCountry "MEX"]
[SourceTitle "EXT 2022"]
[Source "ChessBase"]
[SourceDate "2021.10.06"]
[SourceVersion "1"]
[SourceVersionDate "2021.10.06"]
[SourceQuality "1"]

1. e4 c5 2. Nf3 g6 3. c4 Bg7 4. d4 cxd4 5. Nxd4 Qb6 6. Nb3 Nc6 7. Be3 Qc7 8. Qd2 Nf6 9. Nc3 0-0 10. Be2 d6 11. 0-0 Be6 12. Nd5 Qd7 13. f3 Rac8 14. Rac1 b6 15. Rc2 Rfe8 16. Rfc1 Ne5 17. Bg5 Qa4 18. Nd4 Nxd5 19. b3 Qb4 20. cxd5 Qxd4+ 21. Qxd4 Nxf3+ 22. gxf3 Bxd4+ 23. Kg2 Rxc2 24. Rxc2 Rc8 25. Rxc8+ Bxc8 26. Bxe7 Be5 27. a4 f6 28. Bb5 Kf7 29. Bd8 g5 30. Bc6 Bc3 31. f4 gxf4 32. Kf3 h5 33. Bc7 Bg4+ 34. Kxf4 Be5+ 35. Ke3 Bxh2 36. Bb5 h4 37. Kf2 Bg3+ 38. Kg2 Be5 39. Bf1 h3+ 40. Kf2 h2 41. Bg2 Bd1 42. Bb8 a6 43. b4 Bxa4 44. Bc7 b5 45. Bf3 Kg6 46. Kg2 Bc2 47. Bb8 Bd3 48. Ba7 a5 49. bxa5 b4 0-1

[Event "Pan American-ch U16"]
[Site "Oaxtepec"]
[Date "2014.07.14"]
[Round "6"]
[White "Sanchez Millones, Jonathan Estev"]
[Black "Blandon, Luis Guillermo"]
[Result "1-0"]
[WhiteElo "1887"]
[BlackElo "2175"]
[PlyCount "59"]
[EventDate "2014.07.11"]
[EventType "swiss"]
[EventRounds "9"]
[EventCountry "MEX"]
[SourceTitle "EXT 2022"]
[Source "ChessBase"]
[SourceDate "2021.10.06"]
[SourceVersion "1"]
[SourceVersionDate "2021.10.06"]
[SourceQuality "1"]

1. e4 c5 2. Nf3 d6 3. Bb5+ Bd7 4. Bxd7+ Qxd7 5. 0-0 Nc6 6. c3 e5 7. d4 Qc7 8. Na3 a6 9. d5 Nce7 10. Qa4+ Qd7 11. Qxd7+ Kxd7 12. Nc4 Nc8 13. Ng5 Nh6 14. f4 f6 15. Ne6 exf4 16. Bxf4 Nf7 17. Na5 b6 18. Nc4 Ne5 19. Bxe5 dxe5 20. Nxe5+ fxe5 21. Nxf8+ Ke7 22. Ne6 g6 23. Rf3 Nd6 24. Raf1 Ra7 25. Ng5 Rd7 26. Nf7 Nxf7 27. Rxf7+ Ke8 28. Rxd7 Kxd7 29. Rf7+ Kd8 30. Ra7 1-0

[Event "Pan American-ch U16"]
[Site "Oaxtepec"]
[Date "2014.07.12"]
[Round "2"]
[White "Cori Quispe, Kevin Joel"]
[Black "Sanchez Millones, Jonathan Estev"]
[Result "0-1"]
[WhiteElo "2211"]
[BlackElo "1887"]
[PlyCount "52"]
[EventDate "2014.07.11"]
[EventType "swiss"]
[EventRounds "9"]
[EventCountry "MEX"]
[SourceTitle "EXT 2022"]
[Source "ChessBase"]
[SourceDate "2021.10.06"]
[SourceVersion "1"]
[SourceVersionDate "2021.10.06"]
[SourceQuality "1"]

1. d4 Nf6 2. Nf3 g6 3. c4 Bg7 4. g3 0-0 5. Bg2 d6 6. 0-0 Nc6 7. Nc3 a6 8. Qd3 Nd7 9. Bg5 h6 10. Be3 e5 11. Qd2 exd4 12. Bxd4 Nxd4 13. Nxd4 Ne5 14. b3 c6 15. Rad1 f5 16. e3 Bd7 17. Nde2 Rf6 18. f4 Nf7 19. e4 Re6 20. Kh1 fxe4 21. Nd4 e3 22. Qe2 Re7 23. Ne4 Qb6 24. Qd3 Rae8 25. Rfe1 Bg4 26. Ne2 Bf5 0-1

[Event "Lima Santisimo Nombre de Jesus 3"]
[Site "Lima"]
[Date "2014.06.21"]
[Round "1"]
[White "Sanchez Millones, Jonathan Estev"]
[Black "Prado, Brigitte"]
[Result "1-0"]
[WhiteElo "1887"]
[BlackElo "1498"]
[PlyCount "79"]
[EventDate "2014.06.21"]
[EventType "swiss"]
[EventRounds "8"]
[EventCountry "PER"]
[SourceTitle "EXT 2024"]
[Source "ChessBase"]
[SourceDate "2023.10.10"]
[SourceVersion "1"]
[SourceVersionDate "2023.10.10"]
[SourceQuality "1"]

1. e4 e5 2. Nf3 Nc6 3. Bb5 d6 4. c3 Bd7 5. 0-0 Be7 6. d4 exd4 7. cxd4 Nf6 8. Qe2 0-0 9. e5 dxe5 10. dxe5 Nd5 11. Rd1 Nb6 12. Bxc6 bxc6 13. e6 fxe6 14. Nd4 Qc8 15. Nc3 Bf6 16. Ne4 Bxd4 17. Rxd4 Qe8 18. Nc5 Qe7 19. Nxd7 Nxd7 20. Bg5 Qf7 21. Rad1 Nb6 22. Rc1 Qf5 23. Bh4 c5 24. Re4 Rae8 25. Re5 Qf4 26. Bg5 Qa4 27. Rxe6 Rxe6 28. Qxe6+ Kh8 29. Re1 Qd4 30. Be3 Qf6 31. Qxf6 Rxf6 32. Bxc5 h6 33. g3 Kh7 34. Re7 Rc6 35. Bd4 h5 36. Rxg7+ Kh6 37. Rg8 Rg6 38. Rh8+ Kg5 39. Be3+ Kf5 40. Rxh5+ 1-0

[Event "Pan American-ch U14 24th"]
[Site "Pocos de Caldas"]
[Date "2013.07.31"]
[Round "9.5"]
[White "Goncalves, Leonardo Yamamoto"]
[Black "Sanchez Millones, Jonathan Estev"]
[Result "1/2-1/2"]
[WhiteElo "1933"]
[BlackElo "1770"]
[PlyCount "85"]
[EventDate "2013.07.25"]
[EventType "swiss"]
[EventRounds "9"]
[EventCountry "BRA"]
[SourceTitle "EXT 2016"]
[Source "ChessBase"]
[SourceDate "2015.10.08"]
[SourceVersion "1"]
[SourceVersionDate "2015.10.08"]
[SourceQuality "1"]

1. d3 d5 2. e4 e6 3. Nd2 Nf6 4. Ngf3 c5 5. Be2 Nc6 6. c3 Be7 7. 0-0 0-0 8. Re1 Qc7 9. Bf1 b5 10. e5 Nd7 11. d4 f6 12. exf6 Nxf6 13. Bxb5 cxd4 14. Nxd4 Nxd4 15. cxd4 e5 16. Nf3 e4 17. Ne5 Bd6 18. Bf4 Ng4 19. Bg3 Bxe5 20. dxe5 Qc5 21. Qe2 Rb8 22. Ba4 Be6 23. Bb3 Rf7 24. Rac1 Qb6 25. h3 Nh6 26. Qe3 Qxe3 27. Rxe3 Nf5 28. Rec3 Nd4 29. Kf1 Rfb7 30. Bf4 Nxb3 31. axb3 Rxb3 32. Rc6 R8b6 33. Rc7 Rb7 34. R7c6 R7b6 35. Be3 Rxc6 36. Rxc6 Kf7 37. Bd4 Bd7 38. Rd6 Be6 39. Ra6 Bd7 40. Ke1 Bb5 41. Rd6 Bc4 42. Kd2 a5 43. Rc6 1/2-1/2

[Event "Pan American-ch U14 24th"]
[Site "Pocos de Caldas"]
[Date "2013.07.30"]
[Round "7.4"]
[White "Martinez Alcantara, Jose Eduardo"]
[Black "Sanchez Millones, Jonathan Estev"]
[Result "1-0"]
[WhiteElo "2250"]
[BlackElo "1770"]
[PlyCount "97"]
[EventDate "2013.07.25"]
[EventType "swiss"]
[EventRounds "9"]
[EventCountry "BRA"]
[SourceTitle "EXT 2016"]
[Source "ChessBase"]
[SourceDate "2015.10.08"]
[SourceVersion "1"]
[SourceVersionDate "2015.10.08"]
[SourceQuality "1"]

1. c4 Nf6 2. Nc3 g6 3. g3 Bg7 4. Bg2 0-0 5. d4 d6 6. e3 e5 7. Nge2 Nbd7 8. 0-0 c6 9. b3 Re8 10. Bb2 Nh5 11. dxe5 dxe5 12. Ne4 Bf8 13. Nd6 Re6 14. Nxc8 Rxc8 15. Bh3 f5 16. e4 Ng7 17. Qc2 Qg5 18. Rad1 Nf6 19. exf5 gxf5 20. f4 Qh5 21. fxe5 Bc5+ 22. Kh1 Ne4 23. Nf4 Qh6 24. Qg2 Re7 25. Nd3 Rf8 26. Nxc5 Nxc5 27. Bc1 Qh5 28. Bf4 Nge6 29. g4 fxg4 30. Bxg4 Qg6 31. Bxe6+ Nxe6 32. Qxg6+ hxg6 33. Be3 a6 34. Rfe1 Rf5 35. Ba7 Nf4 36. Bb8 g5 37. Re3 Kf7 38. Bd6 Re6 39. a4 Rh6 40. Bc7 Ke7 41. Bd8+ Ke8 42. Bf6 Ne6 43. Rd6 Nc5 44. Kg2 Nd7 45. Re6+ Kf8 46. Bg7+ Kxg7 47. Rxh6 Kxh6 48. e6 Re5 49. exd7 1-0

[Event "Pan American-ch U14 24th"]
[Site "Pocos de Caldas"]
[Date "2013.07.29"]
[Round "6.7"]
[White "Sanchez Millones, Jonathan Estev"]
[Black "Salcedo Perez, Pablo Esteban"]
[Result "1-0"]
[WhiteElo "1770"]
[BlackElo "1869"]
[PlyCount "69"]
[EventDate "2013.07.25"]
[EventType "swiss"]
[EventRounds "9"]
[EventCountry "BRA"]
[SourceTitle "EXT 2016"]
[Source "ChessBase"]
[SourceDate "2015.10.08"]
[SourceVersion "1"]
[SourceVersionDate "2015.10.08"]
[SourceQuality "1"]

1. e4 c5 2. Nf3 d6 3. Bb5+ Bd7 4. Bxd7+ Qxd7 5. 0-0 Nc6 6. c3 g6 7. d4 cxd4 8. cxd4 Bg7 9. Nc3 e6 10. d5 Ne5 11. Nxe5 Bxe5 12. f4 Bxc3 13. bxc3 Ne7 14. Qd4 0-0 15. c4 f6 16. dxe6 Qxe6 17. Ba3 Rfd8 18. f5 Nc6 19. Qd5 Qxd5 20. cxd5 Nd4 21. Bb2 Ne2+ 22. Kf2 Nf4 23. Ke3 g5 24. Bxf6 Re8 25. Kf3 h6 26. h4 Nh5 27. hxg5 Nxf6 28. gxf6 Rac8 29. Rac1 Kf7 30. Rh1 Rxc1 31. Rxc1 Kxf6 32. Rc7 Re7 33. Rxe7 Kxe7 34. a4 b6 35. a5 1-0

[Event "Pan American-ch U14 24th"]
[Site "Pocos de Caldas"]
[Date "2013.07.27"]
[Round "2.9"]
[White "Sanchez Millones, Jonathan Estev"]
[Black "Kimelman, Gabriel"]
[Result "0-1"]
[WhiteElo "1770"]
[BlackElo "1882"]
[PlyCount "52"]
[EventDate "2013.07.25"]
[EventType "swiss"]
[EventRounds "9"]
[EventCountry "BRA"]
[SourceTitle "EXT 2016"]
[Source "ChessBase"]
[SourceDate "2015.10.08"]
[SourceVersion "1"]
[SourceVersionDate "2015.10.08"]
[SourceQuality "1"]

1. e4 e6 2. d4 d5 3. Nc3 Bb4 4. e5 c5 5. a3 Bxc3+ 6. bxc3 Ne7 7. Qg4 Qc7 8. Qxg7 Rg8 9. Qxh7 cxd4 10. Ne2 Nbc6 11. f4 Bd7 12. Qd3 dxc3 13. Nxc3 a6 14. Rb1 Rc8 15. Bd2 Na5 16. Qd4 b5 17. a4 Nf5 18. Qd3 Nc4 19. axb5 axb5 20. Nxb5 Qc5 21. Nd6+ Ncxd6 22. exd6 Qxd6 23. Qa6 Qc5 24. g3 Nd4 25. c3 Nf3+ 26. Kd1 Nxd2 0-1

[Event "Lima Sagrados Corazones Recoleta 2012"]
[Site "Lima"]
[Date "2012.12.25"]
[Round "7"]
[White "Sanchez Millones, Jonathan Estev"]
[Black "De la Cruz, Jonathan"]
[Result "1-0"]
[WhiteElo "1744"]
[BlackElo "1994"]
[PlyCount "51"]
[EventDate "2012.12.22"]
[EventType "swiss"]
[EventRounds "8"]
[EventCountry "PER"]
[SourceTitle "EXT 2024"]
[Source "ChessBase"]
[SourceDate "2023.10.10"]
[SourceVersion "1"]
[SourceVersionDate "2023.10.10"]
[SourceQuality "1"]

1. e4 c6 2. d4 d5 3. e5 Bf5 4. Nc3 e6 5. g4 Bg6 6. Nge2 h6 7. Bg2 c5 8. Be3 cxd4 9. Nxd4 h5 10. f4 Qd7 11. f5 Bh7 12. g5 Bxf5 13. Nxf5 exf5 14. Qxd5 Nc6 15. 0-0-0 Qxd5 16. Nxd5 Rc8 17. Rhe1 Be7 18. h4 Bd8 19. Bc5 Be7 20. Nxe7 Ngxe7 21. e6 Rd8 22. Rxd8+ Nxd8 23. exf7+ Kxf7 24. Rxe7+ Kg6 25. Bd4 Rh7 26. Bd5 1-0